Destination : (Record no. 129892)

MARC details
000 -LEADER
fixed length control field 00692nam a22002177a 4500
005 - DATE AND TIME OF LATEST TRANSACTION
control field 20170124110104.0
010 ## - LIBRARY OF CONGRESS CONTROL NUMBER
LC control number 890753
020 ## - INTERNATIONAL STANDARD BOOK NUMBER
Terms of availability 10.00
035 ## - SYSTEM CONTROL NUMBER
System control number 890753
037 ## - SOURCE OF ACQUISITION
Source of stock number/acquisition Cen Lib/Ret
040 ## - CATALOGING SOURCE
Original cataloging agency DPL
Language of cataloging EN
082 ## - DEWEY DECIMAL CLASSIFICATION NUMBER
Classification number 921
Item number DES
245 ## - TITLE STATEMENT
Title Destination :
Statement of responsibility, etc edited by Sudhakar Raje
Remainder of title nation's tribute to Deendayal Upadhyaya /
260 ## - PUBLICATION, DISTRIBUTION, ETC. (IMPRINT)
Place of publication, distribution, etc New Delhi
Name of publisher, distributor, etc Deendayal Research Institute
Date of publication, distribution, etc 1978
270 ## - ADDRESS
City New Delhi
Address 7E Swami Ramtirth Nagar
Postal code 110055
300 ## - PHYSICAL DESCRIPTION
Extent 104p.
Dimensions 21cm(Hb)
650 ## - SUBJECT ADDED ENTRY--TOPICAL TERM
Topical term or geographic name as entry element Upadhyaya, Deendayal, -- 1916-1968
9 (RLIN) 16993
650 ## - SUBJECT ADDED ENTRY--TOPICAL TERM
Topical term or geographic name as entry element Politicians -- India -- Biography
9 (RLIN) 26655
700 ## - ADDED ENTRY--PERSONAL NAME
Personal name Raje, Sudhakar
9 (RLIN) 27702
942 ## - ADDED ENTRY ELEMENTS (KOHA)
Source of classification or shelving scheme Dewey Decimal Classification
Koha item type English Books
Classification part 921
Call number suffix DES
Holdings
Withdrawn status Lost status Damaged status Not for loan Home library Current library Date acquired Source of acquisition Cost, normal purchase price Total Checkouts Full call number Barcode Date last seen Copy number Cost, replacement price Price effective from Koha item type
        Central Library Central Library 07/07/2015 Cen Lib/Ret 10.00   921 DES 890753 07/07/2015 1 10.00 07/07/2015 English Books

© Delhi Public Library
Hit Counter
free hit counter